| 000 | 00467nam a2200205Ia 4500 | ||
|---|---|---|---|
| 003 | 0100 | ||
| 008 | 130307s9999 xx 000 0 und d | ||
| 040 | _cARRUPELIB | ||
| 050 | _aPN603.F70 1922 | ||
| 100 | _aFrye, Prosser Hall | ||
| 245 | _aRomance and Tragedy | ||
| 260 | _aBoston | ||
| 260 | _bMarshall Jones co. | ||
| 260 | _c1922 | ||
| 300 | _a341p. | ||
| 300 | _b20cm | ||
| 650 | _bAristotle-Metaphysics | ||
| 700 | _aby Proser hall Frye | ||
| 942 | 0 | 0 | _01 |
| 999 |
_c88702 _d88702 |
||